| Поле | Инд. | ПП | Название | Значение |
|---|---|---|---|---|
| Тип записи | a | |||
| Библиографический уровень | m | |||
| 001 | Контрольный номер | RU/IS/BASE/399048179 | ||
| 005 | Дата корректировки | 20260320150318.7 | ||
| 008 | Кодируемые данные | 20120823 | ||
| 022 | 0_ | a | ISSN | 0130-0075 |
| 041 | 0_ | a | Код языка текста | rus |
| 084 | a | Индекс другой классификации/Индекс ББК | 83.3(2=411.2)5; 83.3(2=411.2)6; 83.3(4Гем)6; 81.18-03; 81.43-03-20; 81.42-1; 81.411.2-03; 81.432.4-31-55; 81.411.2-025.7; 83.3(0)6-45-7 | |
| 090 | a | Полочн. индекс | 95.4+80 | |
| 099 | a | Индекс | 71009 | |
| 245 | 10 | a | Заглавие | Вестник Московского университета. Серия 9, Филология |
| b | Продолж. заглавия | научный журнал | ||
| n | Номер части/ раздела | №3/2012 | ||
| c | Ответственность | учредитель: МГУ им. М. В. Ломоносова. Филологический факультет; гл. ред. М. Л. Ремнева | ||
| 260 | c | Дата издания | 2012 | |
| b | Издательство | Издательство Московского университета | ||
| a | Место издания | М. | ||
| 300 | a | Объем | 240 с. | |
| 500 | a | Примечание | Журнал | |
| 504 | a | Библиография | Библиогр. в конце статьи | |
| 505 | 0_ | a | Форматированное содержание | Смеющиеся и улыбающиеся персонажи гончаровского "Обломова" |
| b | Автор | Кормилов С. И. | ||
| 505 | 0_ | a | Форматированное содержание | Особенности "метафикционального" хронотопа в романах Г. Гессе, В. Набокова, М. Булгакова |
| b | Автор | Злочевская А. В. | ||
| 505 | 0_ | a | Форматированное содержание | Нина Садур и женский готический роман |
| b | Автор | Новикова Т. Л. | ||
| 505 | 0_ | a | Форматированное содержание | Передача конструкций с субстантивированным инфинитивом в древнейшем славянском переводе жития Василия Нового |
| b | Автор | Пентковская Т. В. | ||
| 505 | 0_ | a | Форматированное содержание | Отглагольные имена с суффиксом -ness- в континентальных древнегерманиских деиалектах: реконструкция свойств словообразовательного типа |
| b | Автор | Пименова Н. Б. | ||
| 505 | 0_ | a | Форматированное содержание | Система ударений глаголов литовского языка с суффикос -auti |
| b | Автор | Каваляускас В. | ||
| b | Автор | Синёва О. В. | ||
| 505 | 0_ | a | Форматированное содержание | Настоящее историческое событийное: устное повествование и книжная традиция |
| b | Автор | Гашнева М. В. | ||
| 505 | 0_ | a | Форматированное содержание | О роли фразеологизма в немецкой рекламе |
| b | Автор | Папченко М. Ю. | ||
| 505 | 0_ | a | Форматированное содержание | Роль интонационных конструкций как маркеров изменений в аттенциональном состоянии |
| b | Автор | Рогожина С. М. | ||
| 505 | 0_ | a | Форматированное содержание | Специализированная лексика наркоманов |
| b | Автор | Щенникова Е. В. | ||
| 505 | 0_ | a | Форматированное содержание | К истории одного литературного конфликта (Белинский и "Современник" 1847 г.) |
| b | Автор | Степина М. Ю. | ||
| 505 | 0_ | a | Форматированное содержание | "Мне музыкальны звукоряд отображает мирозданье...": Глоттогония и космогония в "Глоссолалии" А. Белого |
| b | Автор | Темиршина О. Р. | ||
| 505 | 0_ | a | Форматированное содержание | Л. Н. Толстой и В. В. Нечаев: к уточнению обстоятельств получения Толстым отставки |
| b | Автор | Красносельская Ю. И. | ||
| 505 | 0_ | a | Форматированное содержание | Н. С. Гумилев - переводчик и редактор французской поэзии во "Всемирной Литературе" |
| b | Автор | Лаццарин Ф. | ||
| 530 | a | Примеч. о доп. формах | оглавление | |
| 600 | 14 | a | Персоналии | Анненков Павел Васильевич |
| a | Персоналии | Белинский Виссарион Григорьевич | ||
| a | Персоналии | Белый Андрей | ||
| a | Персоналии | Бодлер Шарль | ||
| a | Персоналии | Булгаков Михаил Афанасьевич | ||
| a | Персоналии | Гессе Герман | ||
| a | Персоналии | Гильфердинг Александр Федорович | ||
| a | Персоналии | Гончаров Иван Александрович | ||
| a | Персоналии | Гумилев Николай Степанович | ||
| a | Персоналии | Достоевский Федор Михайлович | ||
| a | Персоналии | Лиль Леконт де | ||
| a | Персоналии | Набоков Владимир Владимирович | ||
| a | Персоналии | Некрасов Николай Алексеевич | ||
| a | Персоналии | Садур Нина Николаевна | ||
| a | Персоналии | Толстой Лев Николаевич | ||
| 650 | 04 | a | Основная рубрика | диалектология |
| a | Основная рубрика | история литературы | ||
| a | Основная рубрика | лексикология | ||
| a | Основная рубрика | лексическая семантика | ||
| a | Основная рубрика | литературоведение | ||
| a | Основная рубрика | немецкий язык | ||
| a | Основная рубрика | перевод | ||
| a | Основная рубрика | прикладное языкознание | ||
| a | Основная рубрика | стилистика | ||
| a | Основная рубрика | филологические науки | ||
| a | Основная рубрика | художественный перевод | ||
| a | Основная рубрика | частное языкознание | ||
| a | Основная рубрика | языкознание | ||
| 653 | 0_ | a | Ключевые слова | "Всемирная литература" (издательнство) |
| a | Ключевые слова | "Глоссолалия" | ||
| a | Ключевые слова | "Житие Василия Нового" | ||
| a | Ключевые слова | "Обломов" | ||
| a | Ключевые слова | "Онежские былины" | ||
| a | Ключевые слова | XI век | ||
| a | Ключевые слова | XIV век | ||
| a | Ключевые слова | XIX век | ||
| a | Ключевые слова | XV век | ||
| a | Ключевые слова | XX век | ||
| a | Ключевые слова | арго | ||
| a | Ключевые слова | арготическая лексика | ||
| a | Ключевые слова | аттенциональные состояни | ||
| a | Ключевые слова | бытие | ||
| a | Ключевые слова | византийская литература | ||
| a | Ключевые слова | византийские источники | ||
| a | Ключевые слова | Византия | ||
| a | Ключевые слова | Германия | ||
| a | Ключевые слова | германские языки | ||
| a | Ключевые слова | готический роман | ||
| a | Ключевые слова | готский язык | ||
| a | Ключевые слова | греческий язык | ||
| a | Ключевые слова | древнегерманский язык | ||
| a | Ключевые слова | древнерусский язык | ||
| a | Ключевые слова | древние западногерманские диалекты | ||
| a | Ключевые слова | Древняя Русь | ||
| a | Ключевые слова | женская готика | ||
| a | Ключевые слова | звуковой код | ||
| a | Ключевые слова | интонационные конструкции | ||
| a | Ключевые слова | интонология | ||
| a | Ключевые слова | история переводов | ||
| a | Ключевые слова | история языка | ||
| a | Ключевые слова | книгоиздание | ||
| a | Ключевые слова | комизм | ||
| a | Ключевые слова | лексика | ||
| a | Ключевые слова | лексика наркоманов | ||
| a | Ключевые слова | лингвистика текста | ||
| a | Ключевые слова | литературная традиция | ||
| a | Ключевые слова | литературные герои | ||
| a | Ключевые слова | литературные кружки | ||
| a | Ключевые слова | литовский язык | ||
| a | Ключевые слова | наркоманы | ||
| a | Ключевые слова | нарратив | ||
| a | Ключевые слова | настоящее историческое | ||
| a | Ключевые слова | переводческая техника | ||
| a | Ключевые слова | письменная речь | ||
| a | Ключевые слова | поэзия | ||
| a | Ключевые слова | проза | ||
| a | Ключевые слова | реклама | ||
| a | Ключевые слова | романы | ||
| a | Ключевые слова | Россия | ||
| a | Ключевые слова | семантика | ||
| a | Ключевые слова | синтаксис | ||
| a | Ключевые слова | синтаксическое калькирование | ||
| a | Ключевые слова | славянские языки | ||
| a | Ключевые слова | словообразовательная система | ||
| a | Ключевые слова | смех | ||
| a | Ключевые слова | социальные группы | ||
| a | Ключевые слова | социальные диалекты | ||
| a | Ключевые слова | СССР | ||
| a | Ключевые слова | стихотворный перевод | ||
| a | Ключевые слова | суффиксальное словообразование | ||
| a | Ключевые слова | суффиксальные глаголы | ||
| a | Ключевые слова | суффиксы | ||
| a | Ключевые слова | ударение | ||
| a | Ключевые слова | устная речь | ||
| a | Ключевые слова | фразеологизмы | ||
| a | Ключевые слова | хронотоп | ||
| a | Ключевые слова | церковнославянские тексты | ||
| a | Ключевые слова | церковнославянский перевод | ||
| a | Ключевые слова | церковнославянский язык | ||
| a | Ключевые слова | язык рекламы | ||
| a | Ключевые слова | языковая игра | ||
| 700 | 12 | a | Автор | Кормилов С. И. |
| q | Полное имя | Кормилов Сергей Иванович | ||
| 700 | 1_ | a | Автор | Злочевская А. В. |
| q | Полное имя | Злочевская Алла Владимировна | ||
| 700 | 1_ | a | Автор | Новикова Т. Л. |
| q | Полное имя | Новикова Татьяна Леонидовна | ||
| 700 | 1_ | a | Автор | Пентковская Т. В. |
| q | Полное имя | Пентковская Татьяна Викторовна | ||
| 700 | 1_ | a | Автор | Пименова Н. Б. |
| q | Полное имя | Пименова Наталья Борисовна | ||
| 700 | 1_ | a | Автор | Каваляускас В. |
| q | Полное имя | Каваляускас Видас | ||
| 700 | 1_ | a | Автор | Синёва О. В. |
| e | Роль лиц | переводчик | ||
| q | Полное имя | Синёва Ольга Владимировна | ||
| 700 | 1_ | a | Автор | Гашнева М. В. |
| q | Полное имя | Гашнева Мария Валерьевна | ||
| 700 | 1_ | a | Автор | Папченко М. Ю. |
| q | Полное имя | Папченко Мария Юрьевна | ||
| 700 | 1_ | a | Автор | Рогожина С. М. |
| q | Полное имя | Рогожина Светлана Михайловна | ||
| 700 | 1_ | a | Автор | Щенникова Е. В. |
| q | Полное имя | Щенникова Евгения Владимировна | ||
| 700 | 1_ | a | Автор | Степина М. Ю. |
| q | Полное имя | Степина Мария Юрьевна | ||
| 700 | 1_ | a | Автор | Темиршина О. Р. |
| q | Полное имя | Темиршина Олеся Равильевна | ||
| 700 | 1_ | a | Автор | Красносельская Ю. И. |
| q | Полное имя | Красносельская Юлия Игоревна | ||
| 700 | 1_ | a | Автор | Лаццарин Ф. |
| q | Полное имя | Лаццарин Франческа | ||
| 773 | 18 | w | Контрольный № источника | RU/IS/BASE/403800858 |
| 856 | 40 | a | Имя сервера/домена | Научная электронная библиотека eLIBRARY.RU |
| d | Путь | http://elibrary.ru | ||
| i | Указания/сценарий входа | Доступ после регистрации на компьютерах университета | ||
| u | URL | https://elibrary.ru/contents.asp?id=33747458 | ||
| y | Справочный текст | Электронная версия | ||
| 900 | a | Имя электронного ресурса | ~p_mgy_filolog_3_12 | |
| x | Справочная информация | Оглавление | ||
| 901 | t | Тип документа | s | |
| 952 | a | Тип литературы для КСУ ВШ | НЖ | |
| 991 | s | 3 |